Política y reforma de la seguridad social en América Latina /

En los análisis de las reformas a los regímenes de pensión en América Latina, usualmente se deja de lado la variable política como condicionante endógeno del camino que tomará la reforma. Sin embargo, hay una relación entre el grado de liberalización política y la privatización de la seguridad socia...

Cijeli opis

Spremljeno u:
Bibliografski detalji
Glavni autor: Mesa-Lago, Carmelo
Format: Tekst
Teme:
Oznake: Dodaj oznaku
Bez oznaka, Budi prvi tko označuje ovaj zapis!

MARC

LEADER 00000 a a2200000 04500
001 10597
003
040
100 |a Mesa-Lago, Carmelo  
245 |a Política y reforma de la seguridad social en América Latina /  |c Carmelo Mesa-Lago 
520 |a En los análisis de las reformas a los regímenes de pensión en América Latina, usualmente se deja de lado la variable política como condicionante endógeno del camino que tomará la reforma. Sin embargo, hay una relación entre el grado de liberalización política y la privatización de la seguridad social. En varios países, la apertura política pareciera relacionarse inversamente con la privatización: cuanto más democrático el régimen, menor la posibilidad de reformar la seguridad social privatizándola completamente. Existiría por tanto, una relación inversa entre los grados de democratización y privatización: los regímenes menos democráticos al momento de la reforma introducen los sistemas más privatizados (menos públicos) y los regímenes más democráticos mantienen los sistemas más públicos (menos privatizados). Dicha relación es bastante fuerte en la mayoría de los países, con excepción de dos casos. REV/SCM  
650 |a CONDICIONES ECONOMICAS  
650 |a SEGURIDAD SOCIAL  
650 |a PRIVATIZACION  
650 |a DEMOCRACIA  
773 |g número 160; páginas 133-150  
999 |c 33978  |d 33978